00286nam a2200133Ia 45000030006000000080041000060400015000471000017000622450022000792500013001012600009001145460012001230050017001350STCL150530s9999 xx 000 0 und d aSTCLcSTCL aTandon, B.C. aEconomic planning aEleventh c1985 aEnglish20220125165627.0